|
|
|
|
| LEADER |
00882ncm a22002532a 4500 |
| 001 |
001198873 |
| 003 |
CZ BrMZK |
| 005 |
20120316101018.0 |
| 007 |
qu |
| 008 |
120307s1984 xo |||||||||||||||||slo d |
| 040 |
|
|
|a BOA001
|b cze
|
| 072 |
|
7 |
|a 784
|x Vokální hudba
|2 Konspekt
|9 9
|
| 100 |
1 |
|
|a Holoubek, Ladislav,
|d 1913-1994
|7 jo2002142506
|4 cmp
|
| 245 |
1 |
0 |
|a Pesničky
|h [hudebnina] :
|b pre detský zbor a klavír /
|c Ladislav Holoubek ; na verše Alexandry Braxatorisovej
|
| 250 |
|
|
|a 2. vyd.
|
| 260 |
|
|
|a Bratislava :
|b Slovenský hudobný fond,
|c 1984
|
| 300 |
|
|
|a 22 s.
|
| 490 |
1 |
|
|a Inštruktívna tvorba
|
| 700 |
1 |
|
|a Braxatorisová, Alexandra,
|d 1937-2012
|7 xx0131583
|4 lyr
|
| 830 |
|
0 |
|a Inštruktívna tvorba
|
| 910 |
|
|
|a BOA001
|b Mus4-0882.481
|
| 990 |
|
|
|a MU
|
| 991 |
|
|
|b 201203
|
| 996 |
6 |
|
|b 2619070721
|c Mus4-0882.481
|l MZK
|r Sklad / do 1 hodiny
|n 0
|w 001232433
|u 000010
|a 1
|e BOA001
|j MZK50
|s P
|